Conversion of gas-condensate straight-run gasolines to high-octane gasolines over zeolite catalysts modified with metal nanopowders; Russian Journal of Applied Chemistry; Vol. 86, iss. 7
| Parent link: | Russian Journal of Applied Chemistry: Scientific Journal.— , 1993- Vol. 86, iss. 7.— 2013.— [P. 979-985] |
|---|---|
| Korporacja: | |
| Kolejni autorzy: | , , , |
| Streszczenie: | Title screen The acid and catalytic properties of zeolite catalysts modified with metal nanopowders (Cu, Zn, and W) were studied in the conversion of gas-condensate straight-run gasolines to high-liquid high-octane gasolines that match European standards. It was shown that the highest activity in formation of high-octane gasolines from straight-run gasolines is exhibited by H-ZKE-G zeolite catalyst modified with 1–3 wt% W nanopowders, which finding is in good agreement with the results of examination of the acid properties. Режим доступа: по договору с организацией-держателем ресурса |
| Język: | angielski |
| Wydane: |
2013
|
| Seria: | Organic and petrochemical processes |
| Hasła przedmiotowe: | |
| Dostęp online: | http://dx.doi.org/10.1134/S1070427213070069 |
| Format: | Elektroniczne Rozdział |
| KOHA link: | https://koha.lib.tpu.ru/cgi-bin/koha/opac-detail.pl?biblionumber=645577 |
MARC
| LEADER | 00000naa0a2200000 4500 | ||
|---|---|---|---|
| 001 | 645577 | ||
| 005 | 20250610121337.0 | ||
| 035 | |a (RuTPU)RU\TPU\network\10668 | ||
| 035 | |a RU\TPU\network\734 | ||
| 090 | |a 645577 | ||
| 100 | |a 20160113d2013 k||y0engy50 ba | ||
| 101 | 0 | |a eng | |
| 102 | |a US | ||
| 135 | |a drnn ---uucaa | ||
| 181 | 0 | |a i | |
| 182 | 0 | |a b | |
| 200 | 1 | |a Conversion of gas-condensate straight-run gasolines to high-octane gasolines over zeolite catalysts modified with metal nanopowders |f V. I. Erofeev [et al.] | |
| 203 | |a Text |c electronic | ||
| 225 | 1 | |a Organic and petrochemical processes | |
| 300 | |a Title screen | ||
| 320 | |a [References: p. 985 (22 title)] | ||
| 330 | |a The acid and catalytic properties of zeolite catalysts modified with metal nanopowders (Cu, Zn, and W) were studied in the conversion of gas-condensate straight-run gasolines to high-liquid high-octane gasolines that match European standards. It was shown that the highest activity in formation of high-octane gasolines from straight-run gasolines is exhibited by H-ZKE-G zeolite catalyst modified with 1–3 wt% W nanopowders, which finding is in good agreement with the results of examination of the acid properties. | ||
| 333 | |a Режим доступа: по договору с организацией-держателем ресурса | ||
| 461 | |t Russian Journal of Applied Chemistry |o Scientific Journal |d 1993- | ||
| 463 | |t Vol. 86, iss. 7 |v [P. 979-985] |d 2013 | ||
| 610 | 1 | |a электронный ресурс | |
| 610 | 1 | |a труды учёных ТПУ | |
| 701 | 1 | |a Erofeev |b V. I. |c specialist in the field of oil and gas business |c Professor of Tomsk Polytechnic University, Doctor of technical sciences |f 1946- |g Vladimir Ivanovich |3 (RuTPU)RU\TPU\pers\32197 |9 16197 | |
| 701 | 1 | |a Medvedev |b A. S. | |
| 701 | 1 | |a Khomyakov |b I. S. |c Specialist in the field of oil and gas business |c senior teacher Tomsk Polytechnic University, candidate of chemical Sciences |f 1988- |g Ivan Sergeevich |3 (RuTPU)RU\TPU\pers\32226 | |
| 701 | 1 | |a Erofeeva |b E. V. | |
| 712 | 0 | 2 | |a Национальный исследовательский Томский политехнический университет (ТПУ) |b Институт природных ресурсов (ИПР) |b Кафедра геологии и разработки нефтяных месторождений (ГРНМ) |3 (RuTPU)RU\TPU\col\18657 |
| 801 | 2 | |a RU |b 63413507 |c 20160113 |g RCR | |
| 850 | |a 63413507 | ||
| 856 | 4 | |u http://dx.doi.org/10.1134/S1070427213070069 | |
| 942 | |c CF | ||